LEADER 01215cam0 2200265 450 001 E600200046038 005 20211007081615.0 100 $a20090227d1967 |||||ita|0103 ba 101 $aeng 102 $aUS 200 1 $aCape Gelidonya$eA bronze age shipwreck$fGoerge F. Bass$gwith the collaboration of Peter Throckmorton [et al.] 210 $aPhiladelphia$cThe American Philosophical Society$d1967 215 $a180 p.$cill.$d29 cm 225 2 $aTransactions of the American Philosophical Society$hNew series$v57, 8 410 1$1001LAEC00026340$12001 $a*Transactions of the American Philosophical Society. New series$v57, 8 700 1$aBass$b, George$3A600200053100$4070$0207930 801 0$aIT$bUNISOB$c20211007$gRICA 850 $aUNISOB 852 $aUNISOB$jArcheologia|del|mare$m142392 912 $aE600200046038 940 $aM 102 Monografia moderna SBN 941 $aM 957 $aArcheologia|del|mare$b000017$gCON$d142392$rdono Prof. Marazzi M.$1vasca$2UNISOB$3UNISOB$420090227100429.0$520160415103524.0$6catenacci$fConsultabile presso il Centro Mediterraneo Preclassico; modalità di consultazione sulla home page della Biblioteca link Fondi 996 $aCape Gelidonya$9288196 997 $aUNISOB LEADER 01268nam0 2200325 i 450 001 RML0352478 005 20231121125800.0 010 $a9788858108062 100 $a20130605d2013 ||||0itac50 ba 101 | $aita 102 $ait 181 1$6z01$ai $bxxxe 182 1$6z01$an 200 1 $aProcesso alla finanza$fSalvatore Rossi 210 $aRoma$aBari$cGLF editori Laterza$d2013 215 $aVII, 113 p.$d19 cm. 225 | $aSaggi tascabili Laterza$v389 410 0$1001CFI0000433$12001 $aSaggi tascabili Laterza$v389 606 $aFinanza$2FIR$3RMLC065300$9E 700 1$aRossi$b, Salvatore$f <1949- >$3MILV215296$4070$0307967 790 1$aRossi$b, Salvatore$c $3MILV215353$zRossi, Salvatore <1949- > 801 3$aIT$bIT-01$c20130605 850 $aIT-RM028 $aIT-FR0098 899 $aBiblioteca Universitaria Alessandrina$bRM028 899 $aBiblioteca Area Giuridico Economica$bFR0098 $eN 912 $aRML0352478 950 0$aBiblioteca Area Giuridico Economica$d 53ATENE N.I.L. ROS1$e 53ATE0000290835 VMN A4 Dono Fam. Carandini$fA $h20230125$i20230125 977 $a 01$a 53 996 $aProcesso alla finanza$91073691 997 $aUNICAS